000 00620nam a22002177a 4500
003 UA-OsUOA
001 86750
007 ta
008 20120910b un ||||| |||| 00| 0 ukr d
090 _a94(477)
_bС32
942 _cBK
040 _aUA-OsUOA
_bukr
_cUA-OsUOA
_dUA-OsUOA
245 _aСпоконвічна українська земля
_cУпоряд. Василиненко П. М.
300 _a467 с.
955 _a5
041 _aukr
080 _a94(477)
260 _aУжгород
_bКарпати
_c1990
650 7 _a9 Географія. Біографії. Історія
_2UDC
999 _c372912
_d372912